Statistiques concernant Mots de la langue française terminés par "go"

Cliquez ici pour prendre le quiz!

Statistiques générales

  • Ce quiz a été pris 128 fois
  • Le résultat moyen est 11 sur 26

Statistiques - réponses

IndiceRéponse% Correct
moiego
91%
mal de doslombago
85%
jeu de constructionlego
85%
sa capitale est LoméTogo
81%
dansetango
81%
pays et fleuve africainsCongo
78%
bleuindigo
77%
chien sauvagedingo
74%
navire marchandcargo
69%
infection de la peauimpétigo
43%
bataille de Napoleon (1800)Marengo
36%
jeu de sociétébingo
36%
représentation graphiquelogo
32%
instrument de musiquebongo
32%
interdictionembargo
29%
noble espagnolhidalgo
25%
astronome physicien et homme politique français prénommé FrançoisArago
21%
danse espagnolefandango
19%
femme qui a l'allure et les manières d'un homme.virago
16%
dansepogo
12%
haricotmungo
11%
plante africainesorgo
11%
portrait, représentation, effigieimago
9%
billetouigo
2%
primategalago
1%
instrument de musiquecharango
1%

Distribution des résultats

Percentile par nombre de réponses

% des personnes avec chaque résultat

Votre développement - résultats

Vous n’avez pas pris ce quiz